| 000 | 00717 a2200217 4500 | ||
|---|---|---|---|
| 001 | 21422 | ||
| 005 | 20260407155504.0 | ||
| 008 | 260407a2002 arg spa d | ||
| 003 | AR-UNSa-BCEJYS | ||
| 040 |
_aAR-UNSa-BCEJYS _bspa _cAR-UNSa-BCEJYS |
||
| 080 |
_a342.9 _xDerecho Administrativo |
||
| 245 | 1 | 0 | _aTratado de derecho administrativo |
| 020 | _a950-569-166-1 | ||
| 264 | 1 |
_aBuenos Aires : _bAbaco _c2002 |
|
| 300 |
_a4 v. _c23 cm. |
||
| 041 | _aspa | ||
| 942 | _cBK | ||
| 590 | _aniveau_biblio:m niveau_hierar:0 | ||
| 100 | 1 | _aBarra, Rodolfo Carlos | |
| 856 | 4 | 1 |
_uhttps://biblioeco.unsa.edu.ar/pmb/images/libros/Tratado de Derecho Administrativo(Rodolfo Carlos Barra)-Tomos 4.jpg _yImagen de portada _qimage/jpeg |
| 999 |
_c804 _d804 |
||